Pays les plus recherchés sur Wikipédia (en français) - Statistiques

Statistiques générales
  • Ce quiz a été pris 21 549 fois
    20 075 depuis la dernière actualisation
  • Le résultat moyen est 21 sur 30
Statistiques - réponses
Recherches Pays % Correct
26 587 039 États-Unis
99%
73 661 050 France
99%
7 873 582 Chine
95%
8 548 473 Espagne
95%
25 747 255 Russie
95%
9 364 545 Allemagne
91%
12 646 692 Canada
91%
8 211 400 Italie
91%
7 668 985 Japon
91%
12 229 346 Maroc
89%
10 345 202 Royaume-Uni
89%
10 954 020 Algérie
88%
6 586 847 Portugal
85%
7 982 790 Australie
81%
9 740 568 Belgique
80%
9 960 983 Suisse
79%
6 574 214 Inde
77%
9 558 752 Ukraine
72%
7 645 187 Pays-Bas
65%
9 333 393 Israël
63%
9 829 052 Turquie
62%
6 814 609 Afrique du Sud
60%
7 364 762 Corée du Nord
57%
7 759 720 R.D. Congo
54%
6 949 861 Monaco
48%
6 652 078 Islande
38%
7 992 200 Cameroun
25%
6 646 255 Côte d'Ivoire
25%
6 692 955 Singapour
15%
8 154 069 Albanie
12%
Aucun quiz correspondant
Distribution des résultats
% des personnes avec chaque résultat
Percentile par nombre de réponses
Votre historique - résultats
Vous n’avez pas pris ce quiz depuis la dernière actualisation